Chương trình đào tạo giáo dục đại học theo học chế tín chỉ ngành công nghệ kỹ thuật ô tô

Tổng quan các vấn đề nghiên cứu về cơ sở luận; Chương trình khung giáo dục đại học theo học chế tín chỉ ngành công nghệ kĩ thuật ô tô; Chương trình giáo dục đại học theo học chế tín chỉ ngành công nghệ kĩ thuật ô tô; Đề cương chi tiết các học phần bắt buộc thuộc khối kiến thức giáo dục chuyên nghiệp...

詳細記述

保存先:
書誌詳細
共著者: Bộ Giáo dục và đào tạo, Ngân hàng phát triển Châu Á
フォーマット: 図書
言語:Vietnamese
出版事項: Cần Thơ Đại học Cần Thơ 2013
シリーズ:Sách Dự án phát triển giáo viên THPT & TCCN
主題:
タグ: タグ追加
タグなし, このレコードへの初めてのタグを付けませんか!
Thư viện lưu trữ: Mạng thư viện Đại học Đà Nẵng
LEADER 02097nam a2200397 4500
001 000018347
003 14776
005 20131011161018.0
008 131011s2013 viesd
041 0 |a vie 
082 1 4 |a 629.20711  |b BÔG 
110 1 |a Bộ Giáo dục và đào tạo 
245 1 0 |a Chương trình đào tạo giáo dục đại học theo học chế tín chỉ ngành công nghệ kỹ thuật ô tô  |c Bộ Giáo dục và Đào tạo, Ngân hàng phát triển Châu Á 
246 |a Chương trình đào tạo giáo dục đại học theo học chế tín chỉ ngành công nghệ kĩ thuật ô tô 
260 |a Cần Thơ  |b Đại học Cần Thơ  |c 2013 
300 |a 272 tr.  |c 27 cm. 
490 |a Sách Dự án phát triển giáo viên THPT & TCCN 
500 |a Sách Dự án phát triển giáo viên THPT & TCCN - Trường Đại học sư phạm kỹ thuật TP.HCM 
520 3 |a Tổng quan các vấn đề nghiên cứu về cơ sở luận; Chương trình khung giáo dục đại học theo học chế tín chỉ ngành công nghệ kĩ thuật ô tô; Chương trình giáo dục đại học theo học chế tín chỉ ngành công nghệ kĩ thuật ô tô; Đề cương chi tiết các học phần bắt buộc thuộc khối kiến thức giáo dục chuyên nghiệp 
650 0 4 |a Công nghệ ô tô  |x Dạy và học 
650 0 4 |a Công nghệ ô tô  |x Giáo dục đại học 
653 |a Kỹ thuật ô tô 
653 |a Công nghệ ô tô 
653 |a Hệ thống tín chỉ 
653 |a Giáo dục đại học 
710 1 |a Ngân hàng phát triển Châu Á 
OWN |a LSP 
AVA |a UDN50  |b LSP  |d 629.20711 BÔG  |e check_holdings  |t Error 5003 Not defined in file expand_doc_bib_avail.  |h N  |k 1 
999 |a From the UDN01 
AVA |a UDN50  |b LSP  |d 629.20711 BÔG  |e available  |t Error 5001 Not defined in file expand_doc_bib_avail.  |f 15  |g 9  |h N  |i 0  |k 1 
TYP |a Monograph 
TYP |a Printed language 
980 |a Mạng thư viện Đại học Đà Nẵng